Разработка методов экстракции веществ бересты дальневосточной черёмухи; Химия и химическая технология в XXI веке; Т. 1

Detalhes bibliográficos
Parent link:Химия и химическая технология в XXI веке: материалы XXIV Международной научно-практической конференции студентов и молодых ученых имени выдающихся химиков Л. П. Кулёва и Н. М. Кижнера, посвященной 85-летию со дня рождения профессора А. В. Кравцова, Томск, 15-19 мая 2023 г./ Национальный исследовательский Томский политехнический университет (ТПУ) ; Инженерная школа природных ресурсов ; Инженерная школа новых производственных технологий ; Исследовательская школа химических и биомедицинских технологий ; Инженерная школа ядерных технологий.— , 2023
Т. 1.— 2023.— [С. 473-474]
Autor principal: Яговкин А. Ю. Александр Юрьевич
Autor Corporativo: Национальный исследовательский Томский политехнический университет Инженерная школа природных ресурсов Отделение химической инженерии
Outros Autores: Кривцова К. Б. Ксения Борисовна, Тарасов В. Е.
Resumo:Заглавие с титульного экрана
Idioma:russo
Publicado em: 2023
coleção:Теоретические и прикладные аспекты физической и аналитической химии
Assuntos:
Acesso em linha:http://earchive.tpu.ru/handle/11683/76695
Formato: Recurso Eletrônico Capítulo de Livro
KOHA link:https://koha.lib.tpu.ru/cgi-bin/koha/opac-detail.pl?biblionumber=635867

MARC

LEADER 00000naa2a2200000 4500
001 635867
005 20231101133901.0
035 |a (RuTPU)RU\TPU\conf\37724 
035 |a RU\TPU\conf\37722 
090 |a 635867 
100 |a 20230621d2023 k y0rusy50 ca 
101 0 |a rus 
102 |a RU 
105 |a y z 101zy 
135 |a drgn ---uucaa 
181 0 |a i  
182 0 |a b 
200 1 |a Разработка методов экстракции веществ бересты дальневосточной черёмухи  |f А. Ю. Яговкин, К. Б. Кривцова, В. Е. Тарасов 
203 |a Текст  |c электронный 
225 1 |a Теоретические и прикладные аспекты физической и аналитической химии 
230 |a 1 компьютерный файл (pdf; 1 141 Kb) 
300 |a Заглавие с титульного экрана 
320 |a [Библиогр.: с. 474 (4 назв.)] 
461 1 |0 (RuTPU)RU\TPU\conf\37590  |t Химия и химическая технология в XXI веке  |o материалы XXIV Международной научно-практической конференции студентов и молодых ученых имени выдающихся химиков Л. П. Кулёва и Н. М. Кижнера, посвященной 85-летию со дня рождения профессора А. В. Кравцова, Томск, 15-19 мая 2023 г.  |o в 2 т.  |f Национальный исследовательский Томский политехнический университет (ТПУ) ; Инженерная школа природных ресурсов ; Инженерная школа новых производственных технологий ; Исследовательская школа химических и биомедицинских технологий ; Инженерная школа ядерных технологий  |d 2023 
463 1 |0 (RuTPU)RU\TPU\conf\37591  |t Т. 1  |v [С. 473-474]  |d 2023 
610 1 |a труды учёных ТПУ 
610 1 |a электронный ресурс 
610 1 |a экстракция 
610 1 |a растительное сырье 
610 1 |a экстрагенты 
610 1 |a сложные смеси 
610 1 |a полезные свойства 
610 1 |a береста 
700 1 |a Яговкин  |b А. Ю.  |c химик-технолог  |c инженер Томского политехнического университета, кандидат химических наук  |f 1965-  |g Александр Юрьевич  |2 stltpush  |3 (RuTPU)RU\TPU\pers\47605 
701 1 |a Кривцова  |b К. Б.  |c химик  |c инженер Томского политехнического университета  |f 1988-  |g Ксения Борисовна  |2 stltpush  |3 (RuTPU)RU\TPU\pers\39078 
701 1 |a Тарасов  |b В. Е. 
712 0 2 |a Национальный исследовательский Томский политехнический университет  |b Инженерная школа природных ресурсов  |b Отделение химической инженерии  |h 8085  |2 stltpush  |3 (RuTPU)RU\TPU\col\23513 
801 2 |a RU  |b 63413507  |c 20230731  |g RCR 
856 4 |u http://earchive.tpu.ru/handle/11683/76695 
942 |c BK